MARC

LEADER 00000nam0a2200000 4500
001 349884
005 20231102010239.0
020 |a RU  |b 81-3249 
035 |a (RuTPU)RU\TPU\retro\3001 
090 |a 349884 
100 |a 20180921d1980 m y0rusy5003 ca 
101 0 |a rus 
102 |a RU 
105 |a a z 000zy 
200 1 |a Металл в архитектуре  |f А. П. Мардер 
210 |a Москва  |c Стройиздат  |d 1980 
215 |a 232 с.  |c ил.  |d 20 см. 
225 1 |a Материал в архитектуре 
606 1 |a Архитектурные формы  |x Архитектура  |2 stltpush  |3 (RuTPU)RU\TPU\subj\29495  |9 52810 
606 1 |a Металлические конструкции  |x Строительные материалы  |2 stltpush  |3 (RuTPU)RU\TPU\subj\42313  |9 61992 
610 1 |a металл 
610 1 |a здания 
610 1 |a сооружения 
610 1 |a ограждения 
610 1 |a интерьер 
610 1 |a декоративное искусство 
610 1 |a монументальное искусство 
675 |a 72.02  |z rus  |v 3 
675 |a 691.7  |z rus  |v 3 
700 1 |a Мардер  |b А. П.  |g Абрам Павлович  |4 070 
801 0 |a RU  |b RuMRKP  |c 19950704  |g psbo 
801 1 |a RU  |b 63413507  |c 20180921 
801 2 |a RU  |b 63413507  |c 20180921  |g RCR 
942 |c BK